000
00255nam a2200097Ia 4500
001
685033
005
20250826161509.0
008
250824s9999 xx 000 0 und d
245
0
_a
KIRIK DENİZ KABUKLARI/S.İLERİ/EVEREST
_c
SELİM İLERİ
260
_b
EVEREST
999
_c
685033
_d
685033